| 000 | 00822nam a2200229 a 4500 | ||
|---|---|---|---|
| 001 | 000024435 | ||
| 005 | 20240627090350.0 | ||
| 008 | 110127s1991 it ad r 001 0 spa d | ||
| 020 | _a9253028629 | ||
| 040 |
_aDO-SdBNP _bspa _cBNPHU |
||
| 082 |
_axxxxxx _bO68r |
||
| 110 |
_aFAO _950095 |
||
| 245 | 1 | 0 |
_aRaíces, tubérculos, platanos y bananas en la nutrición humana / _cprólogo P. Lunven. |
| 260 |
_aRoma : _bOrganización de las Naciones Unidas para la Agricultura y la Alimentación (FAO), _c1991. |
||
| 300 |
_axvii, 196 p. : _bil., diag. ; _c21 cm. |
||
| 490 | 1 |
_aFAO: Aimentación y nutrición _v24 |
|
| 500 | _aIncluye índice de cuadros. | ||
| 500 | _aIncluyen notas al pie de las páginas. | ||
| 700 | 1 |
_aLunven, P., _epról. _950096 |
|
| 830 | 0 |
_aFAO: Aimentación y nutrición _n24 _950097 |
|
| 049 | _aBNGR | ||
| 999 |
_c23928 _d23928 |
||